Discrimination or individual effort? regional productivity differentials in a large italian firm
Salvato in:
| Autore principale: | |
|---|---|
| Altri autori: | |
| Natura: | Libro |
| Lingua: | inglese |
| Pubblicazione: |
San Domenico (FI)
European University Institute
1998
|
| Serie: | EUI Working paper ECO
No. 98/9 |
| Soggetti: | |
| Tags: |
Nessun Tag, puoi essere il primo ad aggiungerne!!
|
MARC
| LEADER | 00000nam a2200000 4500 | ||
|---|---|---|---|
| 001 | c133163 | ||
| 005 | 20221109093336.2 | ||
| 041 | 0 | |a eng | |
| 044 | |a IT | ||
| 245 | 1 | 0 | |a Discrimination or individual effort? |b regional productivity differentials in a large italian firm |c Andrea Ichino and Pietro Ichino |
| 264 | 1 | |a San Domenico (FI) |b European University Institute |c 1998 | |
| 300 | |a 36 s. | ||
| 490 | 1 | |a EUI Working paper ECO |v No. 98/9 | |
| 830 | 0 | |a EUI Working paper ECO |v No. 98/9 | |
| 610 | 2 | 0 | |a regióny |
| 610 | 2 | 0 | |a firmy |
| 610 | 2 | 0 | |a zamestnanci |
| 610 | 2 | 0 | |a diskriminácia |
| 610 | 2 | 0 | |a migrácia |
| 610 | 2 | 0 | |a pohyb síl pracovných |
| 610 | 2 | 0 | |a politika regionálna |
| 610 | 2 | 0 | |a Taliansko |
| 100 | 1 | |a Ichino, Andrea | |
| 700 | 1 | |a Ichino, Pietro | |